| 000 | 00598cam a2200205 4500500 | ||
|---|---|---|---|
| 005 | 20260405003414.0 | ||
| 041 | _afre | ||
| 042 | _adc | ||
| 100 | 1 | 0 |
_aPortevin, Catherine _eauthor |
| 245 | 0 | 0 | _aPendant que j’y pense/Novembre 2021 |
| 260 | _c2021. | ||
| 500 | _a42 | ||
| 690 | _aCatherine Portevin | ||
| 690 | _aCiel | ||
| 690 | _aClimat | ||
| 690 | _aMort | ||
| 690 | _aNaissance | ||
| 786 | 0 | _nPhilosophie magazine | 154 | 11 | 2021-11-01 | p. 54-54 | 1951-1787 | |
| 856 | 4 | 1 | _uhttps://shs.cairn.info/magazine-philosophie-magazine-2021-11-page-54?lang=fr&redirect-ssocas=7080 |
| 999 |
_c2067217 _d2067217 |
||